Tilastot visalle Bysantin valtakunnan valtiot

Klikkaa tästä pelataksesi tätä visaa!

Yleistilastot

  • Tätä visaa on pelattu 74 kertaa
  • Keskiarvotulos 32 / 37

Vastaustilastot

OsuusValtio% Oikein
~85%Turkki
96%
~30%Espanja
94%
100%Kreikka
94%
100%Albania
93%
~95%Italia
91%
100%Kosovo
90%
100%Bosnia ja Hertsegovina
90%
100%Bulgaria
90%
~85%Tunisia
90%
~50%Syyria
90%
100%Israel
90%
~10%Algeria
88%
100%Libanon
88%
100%Montenegro
88%
~65%Kroatia
88%
~8%Ranska
88%
~60%Egypti
88%
~40%Jordania
87%
100%Pohjois-Makedonia
87%
~10%Portugali
87%
~20%Romania
87%
~80%Serbia
85%
~20%Libya
85%
~15%Marokko
85%
~1%Venäjä
84%
100%Vatikaanivaltio
84%
~1%Ukraina
84%
100%San Marino
82%
~15%Sveitsi
82%
~1%Itävalta
82%
~25%Slovenia
81%
100%Kypros
79%
100%Monaco
78%
~2%Saudi-Arabia
78%
100%Malta
78%
100%Liechtenstein
73%
~5%Georgia
66%

Tulosjakauma

Persentiili vastausten määrän mukaan

Jokaisen tuloksen saaneiden osuus

Tuloshistoriasi

Et ole pelannut tätä visaa